Những gì chưa dạy ở trường báo chí
Nội dung tài liệu viết về nghiệp vụ báo chí với những thí dụ trực quan sinh động và thú vị dành cho những ai đam mê tác nghiệp trong lĩnh vực truyền thông.
Đã lưu trong:
| 主要作者: | |
|---|---|
| 格式: | 图书 |
| 语言: | Undetermined |
| 出版: |
Thành phố Hồ Chí Minh
Văn hóa - Văn nghệ
2015
|
| 主题: | |
| 标签: |
添加标签
没有标签, 成为第一个标记此记录!
|
| Thư viện lưu trữ: | Trung tâm Học liệu Trường Đại học Cần Thơ |
|---|
| LEADER | 00846nam a2200205Ia 4500 | ||
|---|---|---|---|
| 001 | CTU_196517 | ||
| 008 | 210402s9999 xx 000 0 und d | ||
| 020 | |c 80000 | ||
| 082 | |a 070.4 | ||
| 082 | |b Kh107 | ||
| 100 | |a Trần, Công Khanh | ||
| 245 | 0 | |a Những gì chưa dạy ở trường báo chí | |
| 245 | 0 | |c Trần Công Khanh | |
| 260 | |a Thành phố Hồ Chí Minh | ||
| 260 | |b Văn hóa - Văn nghệ | ||
| 260 | |c 2015 | ||
| 520 | |a Nội dung tài liệu viết về nghiệp vụ báo chí với những thí dụ trực quan sinh động và thú vị dành cho những ai đam mê tác nghiệp trong lĩnh vực truyền thông. | ||
| 650 | |a Nghề làm báo,Journalism | ||
| 904 | |i Bằng | ||
| 980 | |a Trung tâm Học liệu Trường Đại học Cần Thơ | ||